Mega Man 2 Quiz - Statistics

General Stats
  • This quiz has been taken 54 times
  • The average score is 17 of 25
Answer Stats
Answer % Correct
Bubble Man
95%
Heat Man
95%
Air Man
92%
Metal Man
92%
Crash Man
90%
Wood Man
90%
Quick Man
87%
Flash Man
85%
Leaf Shield
82%
Bubble Lead
74%
Item 1
74%
Item 2
74%
Item 3
74%
Metal Blade
74%
Quick Boomerang
69%
Time Stopper
64%
Atomic Fire
59%
Air Shooter
56%
Crash Bomber
56%
Guts Tank
51%
Alien
46%
Wily Machine 2
41%
Mecha Dragon
38%
Boobeam Trap
31%
Picopico-Kun
18%
No matching quizzes found
Score Distribution
Percent of People with Each Score
Percentile by Number Answered
Your Score History
You have not taken this quiz